Library Banner

مشاہیر بنام شیخ الحدیث حضرت مولانا سمیع الحق (Record no. 68075)

MARC details
000 -LEADER
fixed length control field 00595nam a22001577a 4500
005 - DATE AND TIME OF LATEST TRANSACTION
control field 20150319130043.0
008 - FIXED-LENGTH DATA ELEMENTS--GENERAL INFORMATION
fixed length control field 150319b xxu||||| |||| 00| 0 eng d
040 ## - CATALOGING SOURCE
Transcribing agency PK-LaUMT
082 ## - DEWEY DECIMAL CLASSIFICATION NUMBER
Classification number KHC 297.72
Item number SAM-M
100 ## - MAIN ENTRY--PERSONAL NAME
Personal name سمیع الحق
245 ## - TITLE STATEMENT
Title مشاہیر بنام شیخ الحدیث حضرت مولانا سمیع الحق
Remainder of title جہادافغانستان اور دارالعلوم حقانیہ
Statement of responsibility, etc سمیع الحق
260 ## - PUBLICATION, DISTRIBUTION, ETC. (IMPRINT)
Place of publication, distribution, etc خٹک
Name of publisher, distributor, etc موتمر المصنفین ، جامعھ دارالعلوم حقانیھ
Date of publication, distribution, etc 2012
300 ## - PHYSICAL DESCRIPTION
Extent 720 ص
490 ## - SERIES STATEMENT
Volume number/sequential designation جلد (ہفتم
942 ## - ADDED ENTRY ELEMENTS (KOHA)
Koha item type Books
Holdings
Withdrawn status Lost status Damaged status Home library Current library Date acquired Full call number Barcode Date last seen Price effective from Koha item type
      UMT Main Campus UMT Main Campus 2015-03-19 KHC 297.72 SAM-M 69854 2015-03-19 2015-03-19 Books